[Event "Dhaka Marcel op"]
[Site "Dhaka"]
[Date "2022.04.23"]
[Round "5"]
[White "Mukitul, Islam Ripon"]
[Black "Tahmidul, Haque"]
[Result "1/2-1/2"]
[WhiteElo "1932"]
[BlackElo "1811"]
[PlyCount "99"]
[EventDate "2022.04.19"]
[EventType "swiss"]
[EventRounds "9"]
[EventCountry "BAN"]
[SourceTitle "EXT 2023"]
[Source "ChessBase"]
[SourceDate "2022.10.05"]
[SourceVersion "1"]
[SourceVersionDate "2022.10.05"]
[SourceQuality "1"]

1. e4 c5 2. Nf3 e6 3. c3 Nf6 4. e5 Nd5 5. d4 cxd4 6. cxd4 d6 7. Bb5+ Bd7 8. Bxd7+ Nxd7 9. 0-0 Qc7 10. Re1 Be7 11. Bd2 0-0 12. Nc3 Nxc3 13. Bxc3 Rfd8 14. Qe2 Rac8 15. d5 Nf8 16. exd6 Bxd6 17. dxe6 Nxe6 18. Qe4 b5 19. Qg4 a5 20. a3 Rb8 21. Rac1 Qa7 22. Re4 Bc5 23. Rf1 Rd5 24. Ne5 Rb6 25. Qe2 f5 26. Nc6 Rxc6 27. Rxe6 Rxe6 28. Qxe6+ Qf7 29. Qc8+ Qf8 30. Qb7 Qf7 31. Qa8+ Bf8 32. Bxa5 Qd7 33. g3 Kf7 34. Rc1 Bc5 35. Kg2 f4 36. Rc3 Kg6 37. b4 Bd4 38. Rc7 f3+ 39. Kh1 Qh3 40. Qe8+ Kh6 41. Rc6+ Bf6 42. Rxf6+ gxf6 43. Qf8+ Kh5 44. Qe8+ Kg5 45. Qg8+ Kh6 46. Qf8+ Kg6 47. Qg8+ Kh6 48. Qf8+ Kg5 49. Qg8+ Kh6 50. Qf8+ 1/2-1/2

[Event "BAN-chT2 Borsho 2nd"]
[Site "Bangladesh"]
[Date "2021.01.20"]
[Round "1.1"]
[White "Md Jamal, Uddin"]
[Black "Tahmidul, Haque"]
[Result "0-1"]
[WhiteElo "2060"]
[BlackElo "1604"]
[PlyCount "132"]
[EventDate "2021.01.20"]
[EventType "team-tourn"]
[EventRounds "9"]
[EventCountry "BAN"]
[SourceTitle "CBM 200 Extra"]
[Source "ChessBase"]
[SourceDate "2021.03.31"]
[SourceVersion "1"]
[SourceVersionDate "2021.03.31"]
[SourceQuality "1"]
[WhiteTeam "Shahnoor Khan Smrity Sangsad"]
[BlackTeam "Elegant Int CA Cha"]
[WhiteTeamCountry "BAN"]
[BlackTeamCountry "BAN"]

1. c4 e6 2. Nf3 d5 3. e3 c5 4. b3 Nc6 5. Bb2 Nf6 6. d4 cxd4 7. exd4 Bb4+ 8. Nbd2 0-0 9. Bd3 Ne4 10. a3 Nxd2 11. Nxd2 dxc4 12. Bxc4 Be7 13. Nf3 b5 14. Bd3 Bb7 15. 0-0 Qb6 16. Qe2 a6 17. Rad1 Bf6 18. d5 exd5 19. Bxf6 gxf6 20. Bb1 Ne5 21. Nxe5 fxe5 22. Qxe5 f5 23. Rd3 Qf6 24. Qf4 Rf7 25. Rg3+ Kh8 26. Re1 Rc8 27. Rg5 Qc3 28. Rf1 Rg8 29. Rxg8+ Kxg8 30. Qg3+ Qxg3 31. fxg3 Bc8 32. Rc1 Bb7 33. Rf1 Bc8 34. Rf4 Kg7 35. Rf3 h6 36. b4 Kf6 37. g4 Ke5 38. gxf5 Bxf5 39. Bxf5 Rxf5 40. Rxf5+ Kxf5 41. Kf2 Kf4 42. Ke2 Ke4 43. Kd2 Kd4 44. g3 Ke4 45. Ke2 Kd4 46. Kd2 Ke4 47. Ke2 d4 48. h3 d3+ 49. Kf2 Kd4 50. Ke1 Ke3 51. g4 Kf3 52. Kd2 Kg3 53. Kxd3 Kxh3 54. Kd4 Kxg4 55. Kc5 h5 56. Kb6 h4 57. Kxa6 h3 58. Kxb5 h2 59. a4 h1Q 60. a5 Qb7+ 61. Kc5 Qa7+ 62. Kb5 Kf5 63. Kc6 Ke6 64. b5 Qxa5 65. b6 Qa8+ 66. b7 Qb8 0-1